00439nam a2200181Ia 4500003000400000005001700004008004100021020001800062040000700080041000800087082002000095100003600115245003200151250000600183260004000189300001500229365001300244OSt20230425102726.0210423s2013 xx 000 0 und d a9788125919117 cAL aeng a512.02 KHAV223 aKHANNA (Vijay K);BHAMBRI (S K). aCourse in abstract algebra. a3 aNew DelhibVikas Publicationsc2013 aix,663bPB b445cINR